000 00825nam a2200229 a 4500
999 _c12634
_d12634
001 12634
003 BD-JhCC
005 20221023125510.0
008 221023s2004 bg a|||| |||| 000 0 ban d
020 _a9847762872
035 _a(BD-JhCC)12634
040 _aBD-JhCC
_dBD-JhCC
041 _aBangla
082 _a910.91767
_bGIB 2004
100 _aগিব, এইচ. এ. আর.
245 _aট্রাভেলস অব ইবনে বতুতা /
_cএইচ. এ. আর. গিব; ইফতেখার আমিন (অনু.)
260 _aঢাকা :
_bঐতিহ্য,
_c২০০৪
300 _a২৮৭ পৃ. ;
_c২২ সেমি.
_bচিত্রাবলী অন্তভূক্ত।
650 _aTraveles
700 _aআমিন, ইফতেখার
942 _2ddc
_cBK